Labor Force and Employment in Egypt; (Record no. 13235)
[ view plain ]
| 000 -LEADER | |
|---|---|
| fixed length control field | 01051nam a2200265 4500 |
| 001 - CONTROL NUMBER | |
| control field | 3164359 |
| 005 - DATE AND TIME OF LATEST TRANSACTION | |
| control field | 19711119000000.0 |
| 008 - FIXED-LENGTH DATA ELEMENTS--GENERAL INFORMATION | |
| fixed length control field | 711115s1971 nyu |rbs 001 0 eng d |
| 010 ## - LIBRARY OF CONGRESS CONTROL NUMBER | |
| LC control number | 75151956 |
| 040 ## - CATALOGING SOURCE | |
| Original cataloging agency | DLC |
| Transcribing agency | DLC |
| Modifying agency | DLC |
| 043 ## - GEOGRAPHIC AREA CODE | |
| Geographic area code | f-ua--- |
| 050 00 - LIBRARY OF CONGRESS CALL NUMBER | |
| Classification number | HD5839 |
| Item number | .A6N33 |
| 082 00 - DEWEY DECIMAL CLASSIFICATION NUMBER | |
| Classification number | 331.11962 |
| Item number | NAG |
| Edition number | 22 |
| 100 1# - MAIN ENTRY--PERSONAL NAME | |
| Personal name | Nagi, Mostafa H. |
| 9 (RLIN) | 10772 |
| 245 10 - TITLE STATEMENT | |
| Title | Labor Force and Employment in Egypt; |
| Remainder of title | A Demographic and Socioeconomic Analysis |
| Statement of responsibility, etc | Mostafa H. Nagi. Foreword by Edward G. Stockwell. |
| 260 ## - PUBLICATION, DISTRIBUTION, ETC. (IMPRINT) | |
| Place of publication, distribution, etc | New York, |
| Name of publisher, distributor, etc | Praeger |
| Date of publication, distribution, etc | [1971] |
| 300 ## - PHYSICAL DESCRIPTION | |
| Extent | 285 p.; |
| Dimensions | 25 cm. |
| 490 0# - Series Statement | |
| Series statement | Praeger Special Studies in International Economics and Development |
| 500 ## - GENERAL NOTE | |
| General note | Donated by: Alaa Abdel Ghany |
| 504 ## - BIBLIOGRAPHY, ETC. NOTE | |
| Bibliography, etc | Includes bibliography: p. 273-285 and index |
| 650 #0 - SUBJECT ADDED ENTRY--TOPICAL TERM | |
| Topical term or geographic name as entry element | Labor supply |
| Geographic subdivision | Egypt. |
| 9 (RLIN) | 10773 |
| 700 ## - ADDED ENTRY--PERSONAL NAME | |
| 9 (RLIN) | 10858 |
| Personal name | Stockwell, Edward G. |
| 942 ## - ADDED ENTRY ELEMENTS (KOHA) | |
| Source of classification or shelving scheme | Dewey Decimal Classification |
| Item type | Book - Borrowing |
| Withdrawn status | Item status | Source of classification or shelving scheme | Damaged status | Not for loan | Vendor | Home library | Current library | Shelving location | Date acquired | Source of acquisition | Total Checkouts | Total Renewals | Full call number | Barcode | Date last seen | Date last borrowed | Koha item type |
|---|---|---|---|---|---|---|---|---|---|---|---|---|---|---|---|---|---|
| Dewey Decimal Classification | Central Library | Central Library | First floor | 01/02/2010 | Donation | 5 | 9 | 331.11962 NAG | 000019545 | 15/07/2025 | 28/11/2017 | Book - Borrowing |